| 000 | 00438cam a2200181ua 4500 | ||
|---|---|---|---|
| 020 | _cRs 1.25 | ||
| 041 |
_amal _h |
||
| 082 |
_a894.812 2 _bGOP/PI |
||
| 100 | _aGopinathan Nair, T N . | ||
| 245 |
_aPinnekkanam / _cT N Gopinathan Nair. _hTextual Documents |
||
| 250 |
_a1 / _b. |
||
| 260 |
_aKollam : _bM S Book Depot , _c1962. |
||
| 300 | _a98 ; . | ||
| 365 | _aRs 1.25 | ||
| 504 | _a | ||
| 942 | _cBK | ||
| 999 |
_c327 _d327 |
||